Pla d'equipaments culturals de Castellbisbal
Publicado:
Barcelona :
Diputació de Barcelona. Àrea de Cultura. Centre d'Estudis i Recursos Culturals (CERC), [s.a.]
Descripción Física:
114 p. : il. col., gràfics, quadres, taules ; 29 cm
MARC
| LEADER | 00000nam a2200000Ia 4500 | ||
|---|---|---|---|
| 001 | 23819 | ||
| 008 | 160829s9999 xx 000 0 cat d | ||
| 080 | |a Bib-58 | ||
| 245 | |a Pla d'equipaments culturals de Castellbisbal | ||
| 260 | |a Barcelona : |b Diputació de Barcelona. Àrea de Cultura. Centre d'Estudis i Recursos Culturals (CERC), [s.a.] | ||
| 300 | |a 114 p. : |b il. col., gràfics, quadres, taules ; |c 29 cm | ||
| 650 | |a Equipaments col·lectius |x Castellbisbal. Ajuntament |9 50258 | ||
| 710 | 1 | |a Barcelona (Catalunya : Província). |b Centre d'Estudis i Recursos Culturals |9 52487 | |
| 710 | 1 | |a Castellbisbal (Catalunya). |b Ajuntament |9 54115 | |
| 901 | |a Arxiu | ||
| 942 | |n 1 | ||
| 952 | |0 0 |1 0 |4 0 |6 BIB58 |7 1 |9 55914 |a Arxiu |b Arxiu |d 2016-12-01 |l 0 |o Bib-58 |p 23819 |r 2016-12-01 00:00:00 |w 2016-12-01 |y ARXIU | ||
| 999 | |c 59787 |d 59787 | ||